| 000 -ლიდერი |
| ფიქსირებული სიგრძის საკონტროლო ველი |
02445nam a2200277Ia 4500 |
| 001 - საკონტროლო ნომერი |
| საკონტროლო ველი |
3683 |
| 003 - საკონტროლო ნომრის იდენტიფიკატორი |
| საკონტროლო ველი |
GE_BSU |
| 005 - ბოლო ოპერაციის თარიღი და დრო |
| საკონტროლო ველი |
20190626150445.0 |
| 008 - ფიქსირებული სიგრძის მონაცემთა ელემენტები - ზოგადი ინფორმაცია |
| ფიქსირებული სიგრძის საკონტროლო ველი |
181216s2009||||ge |||||||||||||| ||geo|| |
| 040 ## - კატალოგიზაციის წყარო |
| Transcribing agency |
GE_BSU |
| 041 ## - ენის კოდი |
| Language code of text/sound track or separate title |
geo |
| 080 ## - უნივერსალური ათობითი კლასიფიკაციის ინდექსი |
| Universal Decimal Classification number |
327.5+342.7 ა–22 |
| 245 ## - ცნობა სათაურის შესახებ |
| Title |
აგვისტოს ნანგრევებში : |
| Remainder of title |
არასამთავრობო ორგანიზაციათა ანგარიში 2008 წლის აგვისტოს ომის დროს ადამიანის უფლებათა და ჰუმანიტარული სამართლის ნორმათა დარღვევის შესახებ / |
| Statement of responsibility, etc |
ნაშრომის შექმნაში მონაწილეობდნენ: საქ. ახალგ. იურისტთა ასოციაცია, "კონსტიტუციის 42-ე მუხლი", ადამიანის უფლებათა ცენტრი, "21-ე საუკუნე", კონსტიტუციურ უფლებათა დაცვის ცენტრი ; თინათინ ხიდაშელის საერთო რედ. ; სტატისტიკა და ანალიზი: დავით მეტრეველი, ნოდარ კაპანაძე ; საერთაშ. კონსულტანტი ალექს უაიტინგი ; რედ. ანა ჭაბაშვილი. |
| 264 ## - წარმოების, გამოცემის, დისტრიბუციის და სხვა ცნობები |
| გამოცემის, წარმოების, დისტრიბუციის... ადგილი |
თბილისი, |
| გამოცემის, წარმოების, დისტრიბუციის... თარიღი |
2009. |
| 300 ## - ფიზიკური აღწერა |
| Extent |
234 გვ. |
| Other physical details |
ილ. |
| Dimensions |
28 სმ. |
| 504 ## - BIBLIOGRAPHY, ETC. NOTE |
| Bibliography, etc |
ბიბლიოგრ. ტექსტ. შენიშვნ. და გვ. 207-210. |
| 653 ## - INDEX TERM--UNCONTROLLED |
| Uncontrolled term |
ადამიანის უფლებები |
| 653 ## - INDEX TERM--UNCONTROLLED |
| Uncontrolled term |
ქართულ-ოსური კონფლიქტები |
| 653 ## - INDEX TERM--UNCONTROLLED |
| Uncontrolled term |
ქართველთა გენოციდი სამხრეთ ოსეთში |
| 700 ## - ADDED ENTRY--PERSONAL NAME |
| Personal name |
ხიდაშელი, თინათინ |
| Relator term |
რედაქტორი |
| 9 (RLIN) |
2960 |
| 700 ## - ADDED ENTRY--PERSONAL NAME |
| Personal name |
ჭაბაშვილი, ანა |
| Relator term |
რედაქტორი |
| 9 (RLIN) |
995 |
| 700 ## - ADDED ENTRY--PERSONAL NAME |
| Personal name |
მეტრეველი, დავით; |
| 9 (RLIN) |
2961 |
| 700 ## - ADDED ENTRY--PERSONAL NAME |
| Personal name |
კაპანაძე, ნოდარ; |
| 9 (RLIN) |
2962 |
| 700 ## - ADDED ENTRY--PERSONAL NAME |
| Personal name |
უაიტინგი, ალექს |
| Relator term |
კონსულტანტი |
| 9 (RLIN) |
2963 |
| 942 ## - ADDED ENTRY ELEMENTS (KOHA) |
| Koha item type |
წიგნი |
| Source of classification or shelving scheme |
|